Religion A-Z #2 - Statistics

General Stats
  • This quiz has been taken 23 times
  • The average score is 32 of 52
Answer Stats
Clue Answer % Correct
B) Siddhartha Gautama is also known as Buddha
100%
A) The central prophet in the 3major world religions Abraham
94%
C) The pope leads this major branch of Christianity Catholic
94%
G) Holiest river in India Ganges
94%
H) Day in October before All Saints Day, a traditionalcandy seeking holiday Halloween
94%
I) Mesopotamia has its roots in this modern day country Iraq
94%
J) The Crusades were meant to recapture this holy cityfrom Muslim rule Jerusalem
94%
M) She was the mother of Jesus, conceived without man Mary
94%
O) Eastern Christian denominations, usually European Orthodox
94%
R) Hebrew clergyman or priest Rabbi
94%
B) Ancient city in the heart ofMesopotamia on the Euphrates river Babylon
88%
F) This friar founded the order of the Franciscans,born in Assisi, Italy Francis
88%
H) The Jewish celebrate this holy holiday for 8 daysfor the festival of light Hanukkah
88%
K) Ritually prepared food that follows all proper Jewishlaws kosher
88%
L) This man led the Protestant Reformation Luther
88%
N) A woman belonging to a Christian religious order,Mother Theresa was one nun
88%
P) Martin Luther was branded as a heretic for leadingthis Christian branch Protestant
88%
T) Major Chinese religion emphasizing living in balancewith the universe and nature Taoism
88%
V) The smallest country in the world, HQ of the papacy Vatican City
88%
Z) The leader of the Greek gods Zeus
88%
A) This Protestant brach formedthe Church of England Anglican
81%
D) Ancient Celtic priests druids
81%
E) English saint and last king of the House of Wessexuntil 1066 Edward
81%
I) Egyptian goddess of motherhood, healing andthe afterlife Isis
81%
M) Jewish candelabra used to represent the 8 days ofHanukkah Menorah
81%
D) Ancient capital of Syria, mentioned inthe Bible Damascus
75%
J) In the Bible, this prophet disobeys Gods commandand is swallowed by a whale Jonah
75%
L) Period of penance and fasting for Christians beforeEaster Lent
75%
S) The canonization of Catholic priests into these afterdeath, judged on living a true Christian life saint
75%
Y) The language used by the the Jews of central/eastern Europe Yiddish
63%
G) The holy day in Christianity on which Jesus was crucified Good Friday
56%
Q) The shrine of Fatima Masumeh is a focal point inthis Iranian city Qom
56%
C) Branch of Protestantism centering onGods divine predestination Calvinism
50%
W) One goes to church to do this, the act of offeringprayer/devotion to God worship
50%
N) Emperor Constantine convened in this Turkish cityto create the defining statement in Christianity Nicea
44%
R) In Christianity, the idea that true believers will ascendinto heaven at the end of the world rapture
44%
S) There are 7 of these rights of passage in Christianity sacrament
44%
E) Branch of Protestant Christianity centeredon conversions, Gospel sharing, and personal faith Evangelical
38%
Q) The Aztec god of priests, learning, and arts Quetzalcoatl
38%
P) Polytheistic, often nature based religions Pagan
31%
F) Fundamental Pillars of Islam on which all branchesabide by Five
25%
O) The Hindu mantra of the divine Om
25%
U) The global community of Muslim followers Ummah
25%
U) This branch emphasizes the unity of God, not the Holy Trinity Unitarianism
19%
Y) Traditional cap worn by Jewish men as a sign of reverence Yamaka
19%
K) A ceremonial dagger in Sikh faith that symbolizesfighting injustices kirpan
13%
T) The 24 books of the entire Hebrew bible Tanakh
13%
V) Important Sikh holiday celebrated in mid April Vaisakhi
13%
W) The common Sikh name for the divine Waheguru
13%
X) Term for the Mayan underworld Xibalba
13%
Z) Jewish sect during the 1st century AD who strongly opposedRoman rule in Judea Zealot
13%
X) This Aztec deity accompanied Quetzalcoatl into theunderworld Xolotl
6%
No matching quizzes found
Score Distribution
Percent of People with Each Score
Percentile by Number Answered
Your Score History
You have not taken this quiz